Normal view
MARC view
- Muhammad Abdullah Khan Syed Ghazi Hussain Kazmi Usama Munir Gohar Khan Awan
Entry Personal Name
001 - CONTROL NUMBER
- control field: 85671
003 - CONTROL NUMBER IDENTIFIER
- control field: NUST
005 - DATE AND TIME OF LATEST TRANSACTION
- control field: 20211203150201.0
008 - FIXED-LENGTH DATA ELEMENTS
- fixed length control field: 211203|| aca||aabn | a|a d
040 ## - CATALOGING SOURCE
- Original cataloging agency: NUST
- Transcribing agency: NUST
100 ## - HEADING--PERSONAL NAME
- Personal name: Muhammad Abdullah Khan Syed Ghazi Hussain Kazmi Usama Munir Gohar Khan Awan
670 ## - SOURCE DATA FOUND
- Source citation: Work cat.: (NUST): Muhammad Abdullah Khan Syed Ghazi Hussain Kazmi Usama Munir Gohar Khan Awan , PR-SOF-2062-Design and Analysis of Solar Parabolic Trough Collector for Steam Generation, 2021.
